| 000 | 00376nam a2200145Ia 4500 | ||
|---|---|---|---|
| 008 | 210210b1976 xxu||||| |||| 00| 0 eng d | ||
| 082 | _a658.403 MOOA | ||
| 100 | _aMOORE (P G) and THOMAS (H). | ||
| 245 | _aAnatomy of decisions. | ||
| 260 |
_aNew York. _bPenguin Books _c1976 |
||
| 300 | _a243 | ||
| 650 | _aDecisions | ||
| 690 | _aExecutive Management | ||
| 906 | _aSG01219 | ||
| 999 |
_c112834 _d112834 |
||